Cities with tallest twisted buildings in the world over 150m. - Statistics

General Stats
  • This quiz has been taken 16 times
  • The average score is 20 of 28
Answer Stats
Twisted skyscraper; Country; City; % Correct
5 Ocean Heights (310m) U.A.E. Dubai
93%
6 Cayan Tower (306m) U.A.E. Dubai
93%
10 Regent Emirates Pearl (255m) U.A.E. Dubai
93%
4 Telekom Tower (310m) Malaysia Kuala Lumpur
93%
18 Naza Tower 1 (215m) Malaysia Kuala Lumpur
93%
27 Naza Tower 2 (166m) Malaysia Kuala Lumpur
93%
12 Evolution Tower (246m) Russia Moscow
93%
13 Al Majdoul Tower (244m) Saudi Arabia Riyadh
93%
2 Lakhta Center (462m) Russia Saint Petersburg
93%
1 S_______ Tower (632m) China Shanghai
93%
20 Al Bidda Tower (197m) Qatar Doha
86%
3 Diamond Tower (432m) Saudi Arabia Jeddah
86%
14 F&F Tower (243m) Panama Panama City
86%
9 Crown S_____ (271m) Australia Sydney
86%
16 Azrieli Sarona Tower (238m) Israel Tel Aviv
86%
17 Al Tijaria Tower (218m) Kuwait Kuwait City
79%
23 Generali Tower (177m) Italy Milan
79%
25 Avaz Twist Tower (172m) Bosnia and Herzegovina Sarajevo
79%
22 Paradox Hotel (187m) Canada Vancouver
79%
21 Turning Torso (190m) Sweden Malmo
64%
19 United Tower (200m) Bahrain Manama
64%
26 Mode Gakuen Spiral Towers (170m) Japan Nagoya
57%
8 Shimao Qianhai Center (294m) China Shenzhen
50%
24 Absolute World Building D (176m) Canada Mississauga
29%
28 Absolute World Building E (158m) Canada Mississauga
29%
15 Capital Diamond Tower (239m) Egypt New Administrative Capital
21%
11 Bank of China Headquarters (246m) China Ningbo
14%
7 Supernova Spire (300m) India Noida
7%
No matching quizzes found
Score Distribution
Percent of People with Each Score
Percentile by Number Answered
Your Score History
You have not taken this quiz